00502nam a2200169Ia 450000500170000000800410001708200130005810000140007124500530008526000400013830000130017865000140019165000140020594200060021995200940022599900130031920240719033755.0240331s9999 xx 000 0 und d a282bPER aPerera, L 0aCan They Rise? :ba challenge to the Laity today a ColombobCentre for society c1988 a155 p ., aReligious aPractical cL 001040708LaWERCLbWERCLcSSCd2024-03-31l0o 282 PERp415r2024-03-31w2024-03-31yL c826d826